000 00384cam a22001217a 4500
008 180718b1980 xxu||||| |||| 00| 0 eng d
082 _aA81x54 In2/71/12/PT2B
100 _aCensus of India 1971
245 _aManipur: general economic tables
260 _aDelhi
_bThe Controller of Publications
_c1980
300 _a239+p.
440 _aCensus of India 1971. Series-12, Manipur. Part II-B
999 _c485355
_d485355